[Event "GER-chT U16"]
[Site "Magdeburg"]
[Date "2023.12.28"]
[Round "4.6"]
[White "Uhlmann, Tim"]
[Black "Widmann, Maximilian"]
[Result "1-0"]
[WhiteElo "1934"]
[BlackElo "1611"]
[PlyCount "85"]
[EventDate "2023.12.26"]
[EventType "team-swiss"]
[EventRounds "7"]
[EventCountry "GER"]
[SourceTitle "CB03_2024"]
[SourceDate "2024.01.17"]
[SourceVersion "1"]
[SourceVersionDate "2024.01.17"]
[SourceQuality "1"]
[WhiteTeam "Baden-Baden"]
[BlackTeam "Leipzig VfB"]
[WhiteTeamCountry "GER"]
[BlackTeamCountry "GER"]

1. e4 c6 2. c4 d5 3. exd5 cxd5 4. cxd5 Nf6 5. Nc3 Nxd5 6. Nf3 Nc6 7. Bb5 e6 8. 0-0 Be7 9. d4 0-0 10. Re1 a6 11. Bd3 Nf6 12. Bg5 b5 13. Rc1 Bb7 14. Bb1 Nb4 15. a3 Nbd5 16. Qd3 g6 17. h4 Rc8 18. Ne5 Nxc3 19. Rxc3 Rxc3 20. bxc3 Nd5 21. Bh6 Re8 22. h5 f5 23. hxg6 hxg6 24. Nxg6 Bg5 25. Ne7+ Qxe7 26. Qg3 Kh8 27. Bxg5 Qh7 28. Qe5+ Qg7 29. Bxf5 Qxe5 30. Rxe5 Nxc3 31. Rxe6 Rxe6 32. Bxe6 Kg7 33. Be3 Nb1 34. d5 Kf6 35. Bd4+ Ke7 36. Bf5 Nd2 37. Bc5+ Kd8 38. d6 Nc4 39. g4 Bd5 40. f4 Bf7 41. d7 a5 42. Bf2 Be8 43. Bh4+ 1-0

[Event "GER-ch U25-A"]
[Site "Willingen"]
[Date "2023.05.31"]
[Round "6"]
[White "Uhlmann, Tim"]
[Black "Lohr, Maximilian"]
[Result "1/2-1/2"]
[WhiteElo "1859"]
[BlackElo "2106"]
[PlyCount "113"]
[EventDate "2023.05.27"]
[EventType "swiss"]
[EventRounds "9"]
[EventCountry "GER"]
[SourceTitle "CBM 214 Extra"]
[Source "ChessBase"]
[SourceDate "2023.07.31"]
[SourceVersion "1"]
[SourceVersionDate "2023.07.31"]
[SourceQuality "1"]

1. c4 e5 2. e4 c5 3. Nc3 Nc6 4. d3 d6 5. g3 g6 6. Bg2 Bg7 7. Nge2 Nge7 8. 0-0 0-0 9. Be3 a6 10. a3 Rb8 11. f4 Nd4 12. Bxd4 cxd4 13. Nd5 Nxd5 14. exd5 b5 15. b3 bxc4 16. bxc4 Qa5 17. fxe5 dxe5 18. Qc2 Qc5 19. Nc1 Bd7 20. Nb3 Qb6 21. Nd2 Qb2 22. Qxb2 Rxb2 23. Ne4 Bf5 24. Rab1 Rfb8 25. Rxb2 Rxb2 26. d6 Bf8 27. c5 Rc2 28. Nf6+ Kh8 29. Nd5 Rxc5 30. d7 Bxd7 31. Rxf7 Bb5 32. Rxf8+ Kg7 33. Rf1 Bxd3 34. Re1 Ra5 35. Rxe5 Rxa3 36. Re1 Bf5 37. Rd1 d3 38. Bf1 h5 39. Nb4 h4 40. Nxd3 hxg3 41. hxg3 Rc3 42. Rd2 a5 43. Kf2 a4 44. Ke3 a3 45. Ra2 Be6 46. Ra1 a2 47. Kd2 Rc8 48. Nc1 Kf6 49. Bd3 Kg5 50. Be4 Kg4 51. Nxa2 Kxg3 52. Nc3 Bf5 53. Rf1 Rxc3 54. Rg1+ Kf4 55. Bxf5 Rg3 56. Rxg3 Kxg3 57. Bxg6 1/2-1/2

[Event "GER-ch U25-A"]
[Site "Willingen"]
[Date "2023.05.28"]
[Round "1"]
[White "Stemmler, Fabian"]
[Black "Uhlmann, Tim"]
[Result "1-0"]
[WhiteElo "2084"]
[BlackElo "1859"]
[PlyCount "119"]
[EventDate "2023.05.27"]
[EventType "swiss"]
[EventRounds "9"]
[EventCountry "GER"]
[SourceTitle "CBM 214 Extra"]
[Source "ChessBase"]
[SourceDate "2023.07.31"]
[SourceVersion "1"]
[SourceVersionDate "2023.07.31"]
[SourceQuality "1"]

1. e4 e5 2. Nc3 Nf6 3. Bc4 c6 4. d4 Bb4 5. dxe5 Nxe4 6. Qd4 Nxc3 7. bxc3 Be7 8. Bf4 0-0 9. Nf3 Kh8 10. Bd3 f6 11. Qc4 g6 12. 0-0 d5 13. exd6 Bxd6 14. Bh6 Re8 15. Qh4 Nd7 16. Bxg6 Bxh2+ 17. Qxh2 hxg6 18. Bf4+ Kg8 19. Bc7 Qe7 20. Rae1 Ne5 21. Bxe5 fxe5 22. Rxe5 Be6 23. Ng5 Qf6 24. Qh7+ Kf8 25. Rxe6 Rxe6 26. Nxe6+ Qxe6 27. Rd1 Re8 28. Rd7 Qe1+ 29. Kh2 Qe5+ 30. g3 Qf6 31. Qh6+ Kg8 32. Qd2 Re7 33. Rxe7 Qxe7 34. Qd4 a6 35. Qc4+ Kg7 36. a4 a5 37. Qd4+ Kg8 38. Qb6 Qf6 39. Kg2 Qf5 40. Qxb7 Qd5+ 41. Kh2 Qh5+ 42. Kg2 Qd5+ 43. f3 Qd2+ 44. Kh3 Qh6+ 45. Kg4 Qh5+ 46. Kf4 Qf5+ 47. Ke3 Qc5+ 48. Ke2 Qc4+ 49. Kd2 Qd5+ 50. Kc1 Qxf3 51. Qa8+ Kh7 52. Qxa5 Qxg3 53. Kb2 g5 54. Qb6 g4 55. a5 Qf3 56. Qb7+ Kg6 57. a6 c5 58. Qb8 g3 59. a7 g2 60. a8Q 1-0

[Event "Verbandsliga Suedbaden 2223"]
[Site "Germany"]
[Date "2022.10.16"]
[Round "2.7"]
[White "Uhlmann, Tim"]
[Black "Spitzer, Martin"]
[Result "1-0"]
[WhiteElo "1841"]
[BlackElo "2203"]
[PlyCount "47"]
[EventDate "2022.09.25"]
[EventType "team-tourn"]
[EventRounds "9"]
[EventCountry "GER"]
[SourceTitle "EXT 2024"]
[Source "ChessBase"]
[SourceDate "2023.10.10"]
[SourceVersion "1"]
[SourceVersionDate "2023.10.10"]
[SourceQuality "1"]
[WhiteTeam "Baden-Baden IV"]
[BlackTeam "Heitersheim"]
[WhiteTeamCountry "GER"]
[BlackTeamCountry "GER"]

1. e4 e6 2. c4 d5 3. exd5 exd5 4. d4 Nf6 5. Nc3 Be7 6. Nf3 Bg4 7. h3 Bxf3 8. Qxf3 c6 9. c5 Nbd7 10. Bd3 a5 11. 0-0 0-0 12. Bf4 b6 13. cxb6 Qxb6 14. Rfe1 Rfe8 15. Rad1 Nf8 16. Re2 Ne6 17. Be5 Nd7 18. Rde1 Nxe5 19. Rxe5 Qxd4 20. Bxh7+ Kxh7 21. Qxf7 Ng5 22. Qh5+ Kg8 23. Rxg5 Qf6 24. Rf5 1-0

[Event "GER-chT Lands U20"]
[Site "Wiesbaden"]
[Date "2022.10.02"]
[Round "4.4"]
[White "Uhlmann, Tim"]
[Black "Von Mettenheim, Johannes"]
[Result "0-1"]
[WhiteElo "1841"]
[BlackElo "2231"]
[PlyCount "100"]
[EventDate "2022.09.30"]
[EventType "team-swiss"]
[EventRounds "7"]
[EventCountry "GER"]
[SourceTitle "CBM 210 Extra"]
[Source "ChessBase"]
[SourceDate "2022.11.30"]
[SourceVersion "1"]
[SourceVersionDate "2022.11.30"]
[SourceQuality "1"]
[WhiteTeam "Baden U20"]
[BlackTeam "Niedersachsen U20"]
[WhiteTeamCountry "GER"]
[BlackTeamCountry "GER"]

1. e4 c6 2. c4 d5 3. exd5 Nf6 4. Nc3 cxd5 5. cxd5 Nxd5 6. Nf3 Nxc3 7. bxc3 g6 8. d4 Bg7 9. Bb5+ Bd7 10. Bxd7+ Nxd7 11. 0-0 0-0 12. Bf4 Rc8 13. Qb3 Nb6 14. Be5 Qd5 15. Bxg7 Kxg7 16. Qa3 Nd7 17. Rae1 e6 18. Ne5 a6 19. Qb2 Nxe5 20. Rxe5 Qd7 21. d5 exd5 22. Rxd5 Qc6 23. Rd3 Qc4 24. Re3 b5 25. h3 Rfd8 26. Rfe1 Rd6 27. Rf3 Rcd8 28. Qb3 Qc7 29. a4 Rb8 30. axb5 Rxb5 31. Qa2 Rc5 32. Rfe3 Rf6 33. Qb2 Qc6 34. Rg3 Rcf5 35. Re2 Qd6 36. c4 h5 37. Rc3 Qd1+ 38. Kh2 Qd4 39. Rcc2 Qc5 40. Red2 Re5 41. Rd3 Qc7 42. g3 h4 43. Rd5 hxg3+ 44. fxg3 Re3 45. Rg5 Ref3 46. Qe5 Qb6 47. c5 Qb1 48. Rd2 Rf1 49. Qe3 Rh1+ 50. Kg2 Qf1# 0-1

[Event "GER-ch U14"]
[Site "Willingen"]
[Date "2022.06.09"]
[Round "7"]
[White "Uhlmann, Tim"]
[Black "Fruth, David"]
[Result "1/2-1/2"]
[WhiteElo "1808"]
[BlackElo "1648"]
[PlyCount "94"]
[EventDate "2022.06.04"]
[EventType "swiss"]
[EventRounds "9"]
[EventCountry "GER"]
[SourceTitle "CBM 208 Extra"]
[Source "ChessBase"]
[SourceDate "2022.07.31"]
[SourceVersion "1"]
[SourceVersionDate "2022.07.31"]
[SourceQuality "1"]

1. e4 c5 2. Nf3 g6 3. c4 Nc6 4. d4 Bg7 5. d5 Nd4 6. Nc3 d6 7. Be2 Nxf3+ 8. Bxf3 Nf6 9. 0-0 Nd7 10. Be2 0-0 11. Be3 Nb8 12. f4 Na6 13. f5 Nc7 14. Qd2 Bd7 15. Bh6 a6 16. a4 Rb8 17. g4 b5 18. Bxg7 Kxg7 19. g5 f6 20. fxg6 hxg6 21. gxf6+ Rxf6 22. Rxf6 exf6 23. axb5 axb5 24. cxb5 Rb7 25. Bc4 g5 26. Qd3 Qe8 27. Ra5 Qd8 28. Ra3 Na8 29. Ra6 Nb6 30. b3 Qe7 31. Na4 Nxc4 32. bxc4 Qe5 33. Nc3 Qf4 34. Ne2 Qe5 35. Ng3 Qb2 36. Rxd6 Ra7 37. Ra6 Rxa6 38. bxa6 Qa1+ 39. Kg2 Qxa6 40. Nf5+ Kg6 41. d6 Qa2+ 42. Kg3 Qa1 43. Ne3 Kg7 44. Nf5+ Kg6 45. Kf2 Qb2+ 46. Kg3 Qa1 47. Kg2 Qb2+ 1/2-1/2

[Event "Bodensee op"]
[Site "Bregenz"]
[Date "2022.05.22"]
[Round "2"]
[White "Uhlmann, Tim"]
[Black "Wacker, Peter"]
[Result "1/2-1/2"]
[WhiteElo "1776"]
[BlackElo "2264"]
[PlyCount "72"]
[EventDate "2022.05.21"]
[EventType "swiss"]
[EventRounds "9"]
[EventCountry "AUT"]
[SourceTitle "CBM 208 Extra"]
[Source "ChessBase"]
[SourceDate "2022.07.31"]
[SourceVersion "1"]
[SourceVersionDate "2022.07.31"]
[SourceQuality "1"]

1. e4 e5 2. Nf3 Nc6 3. d4 exd4 4. Bc4 Bc5 5. c3 Nf6 6. cxd4 Bb4+ 7. Kf1 d5 8. exd5 Nxd5 9. Nc3 Bxc3 10. bxc3 0-0 11. Ng5 h6 12. h4 Be6 13. Nxe6 fxe6 14. Kg1 Qf6 15. Qe2 Rae8 16. Rh3 Na5 17. Rf3 Qd8 18. Bb3 Rxf3 19. Qxf3 Nxb3 20. axb3 Qxh4 21. Rxa7 Rf8 22. Qe2 Nxc3 23. Qxe6+ Kh8 24. Qe1 Qxd4 25. Rxb7 Nd5 26. Be3 Qe4 27. Ra7 Rb8 28. Ra4 Qe6 29. Qd2 Nxe3 30. Qxe3 Qf7 31. Re4 Qg6 32. b4 Kh7 33. f3 Ra8 34. Rg4 Ra1+ 35. Kh2 Qd6+ 36. Qf4 Rd1 1/2-1/2

[Event "GER-chT Lands U20"]
[Site "Neumuenster"]
[Date "2021.10.03"]
[Round "3.5"]
[White "Uhlmann, Tim"]
[Black "Bock, Marlon"]
[Result "1/2-1/2"]
[WhiteElo "1726"]
[BlackElo "1727"]
[PlyCount "85"]
[EventDate "2021.10.01"]
[EventType "team-swiss"]
[EventRounds "7"]
[EventCountry "GER"]
[SourceTitle "CBM 204 Extra"]
[Source "ChessBase"]
[SourceDate "2021.11.30"]
[SourceVersion "1"]
[SourceVersionDate "2021.11.30"]
[SourceQuality "1"]
[WhiteTeam "Baden"]
[BlackTeam "Thueringen"]
[WhiteTeamCountry "GER"]
[BlackTeamCountry "GER"]

1. e4 e5 2. Nf3 Nc6 3. d4 exd4 4. Bc4 Bc5 5. 0-0 d6 6. c3 Bg4 7. b4 Bb6 8. Qb3 Bxf3 9. Bxf7+ Kf8 10. gxf3 Nf6 11. Bd5 Ne5 12. f4 Nf3+ 13. Kg2 Nh4+ 14. Kh1 c6 15. Be6 Nxe4 16. f3 Nf6 17. f5 Qe8 18. Bf4 Rd8 19. c4 Qh5 20. Nd2 Nxf5 21. Rg1 h6 22. Ne4 Ne3 23. Rg3 Nxe4 24. fxe4 g5 25. Bxe3 dxe3 26. Rf1+ Ke7 27. Rf7+ Kxe6 28. c5+ d5 29. Rgf3 Qxf7 30. exd5+ Rxd5 31. Qxe3+ Re5 32. Qb3+ Rd5 33. Rxf7 Kxf7 34. cxb6 axb6 35. Qf3+ Ke7 36. Qe3+ Kd7 37. Qxb6 Rd8 38. Qxb7+ Kd6 39. Qg7 h5 40. a4 Rd7 41. Qg6+ Kc7 42. Qxh5 Rd1+ 43. Kg2 1/2-1/2

[Event "GER-ch U14"]
[Site "Willingen"]
[Date "2021.08.29"]
[Round "9"]
[White "Aumueller, Naum"]
[Black "Uhlmann, Tim"]
[Result "0-1"]
[WhiteElo "1674"]
[BlackElo "1704"]
[PlyCount "56"]
[EventDate "2021.08.22"]
[EventType "swiss"]
[EventRounds "9"]
[EventCountry "GER"]
[SourceTitle "EXT 2022"]
[Source "ChessBase"]
[SourceDate "2021.10.06"]
[SourceVersion "1"]
[SourceVersionDate "2021.10.06"]
[SourceQuality "1"]

1. e4 e5 2. Nf3 Nc6 3. Bb5 a6 4. Ba4 Nf6 5. d4 exd4 6. 0-0 b5 7. Bb3 Bc5 8. e5 Ng4 9. h3 Nh6 10. Bxh6 gxh6 11. c3 dxc3 12. Nxc3 Bb7 13. Bxf7+ Kxf7 14. Qd5+ Kg7 15. Qxc5 Rg8 16. Qe3 Kh8 17. Nd5 Ne7 18. Nf6 Nd5 19. Nxd5 Bxd5 20. g3 Qf8 21. Nd2 Qf5 22. Kh2 Rae8 23. f4 h5 24. Qc3 Be6 25. Rf3 Qxh3+ 26. Kg1 h4 27. Ne4 hxg3 28. Nxg3 h5 0-1

[Event "GER-ch U14"]
[Site "Willingen"]
[Date "2021.08.28"]
[Round "8"]
[White "Uhlmann, Tim"]
[Black "Prieb, Robert"]
[Result "0-1"]
[WhiteElo "1704"]
[BlackElo "1950"]
[PlyCount "38"]
[EventDate "2021.08.22"]
[EventType "swiss"]
[EventRounds "9"]
[EventCountry "GER"]
[SourceTitle "EXT 2022"]
[Source "ChessBase"]
[SourceDate "2021.10.06"]
[SourceVersion "1"]
[SourceVersionDate "2021.10.06"]
[SourceQuality "1"]

1. e4 e5 2. Nf3 Nc6 3. d4 exd4 4. Bc4 Bc5 5. 0-0 d6 6. Ng5 Ne5 7. Bb3 h6 8. f4 d3+ 9. Kh1 Ng4 10. f5 dxc2 11. Qxg4 cxb1Q 12. Qh5 Qf6 13. Rxb1 g6 14. Bxf7+ Kf8 15. Qe2 hxg5 16. fxg6 Rxh2+ 17. Kxh2 Qh8+ 18. Kg3 Qh4+ 19. Kf3 Bg4# 0-1

[Event "GER-ch U14"]
[Site "Willingen"]
[Date "2021.08.27"]
[Round "7"]
[White "Kieselbach, Marvin"]
[Black "Uhlmann, Tim"]
[Result "0-1"]
[WhiteElo "1592"]
[BlackElo "1704"]
[PlyCount "72"]
[EventDate "2021.08.22"]
[EventType "swiss"]
[EventRounds "9"]
[EventCountry "GER"]
[SourceTitle "EXT 2022"]
[Source "ChessBase"]
[SourceDate "2021.10.06"]
[SourceVersion "1"]
[SourceVersionDate "2021.10.06"]
[SourceQuality "1"]

1. d4 d5 2. Nf3 Nf6 3. e3 e6 4. Bd3 c5 5. c3 Nc6 6. Nbd2 Bd6 7. 0-0 0-0 8. dxc5 Bxc5 9. e4 Qc7 10. Qe2 h6 11. e5 Ng4 12. Nb3 Bb6 13. Bf4 f6 14. Bg3 Ngxe5 15. Nxe5 fxe5 16. Bc2 Qf7 17. Kh1 e4 18. f3 Qh5 19. Qd2 exf3 20. Qd3 fxg2+ 21. Kxg2 Rf5 22. Rae1 Bd7 23. c4 Nb4 24. Rxf5 Qxf5 25. Qxf5 exf5 26. Bb1 dxc4 27. Nd2 Nd3 28. Re7 Bc6+ 29. Kh3 Nxb2 30. Bxf5 c3 31. Nb3 Re8 32. Rxe8+ Bxe8 33. Be5 Na4 34. Be4 Be3 35. Nd4 b5 36. Bxg7 Bd7+ 0-1

[Event "GER-ch U12"]
[Site "Willingen"]
[Date "2020.10.30"]
[Round "6"]
[White "Eichhorn, Valentin"]
[Black "Uhlmann, Tim"]
[Result "1/2-1/2"]
[WhiteElo "1545"]
[BlackElo "1523"]
[PlyCount "70"]
[EventDate "2020.10.26"]
[EventType "swiss"]
[EventRounds "7"]
[EventCountry "GER"]
[SourceTitle "CBM 199 Extra"]
[Source "ChessBase"]
[SourceDate "2021.01.31"]
[SourceVersion "1"]
[SourceVersionDate "2021.01.31"]
[SourceQuality "1"]

1. c4 c5 2. g3 Nf6 3. Bg2 d5 4. cxd5 Nxd5 5. Nc3 Nc7 6. e3 Nc6 7. Nge2 e5 8. a3 Be7 9. Qc2 0-0 10. 0-0 f6 11. Rb1 Be6 12. b3 Qd7 13. Bb2 Rfd8 14. Rfd1 Rac8 15. d3 Bf8 16. Ba1 b5 17. Na2 Nd5 18. Nac3 b4 19. Bxd5 Bxd5 20. Nxd5 Qxd5 21. e4 Qd7 22. a4 Nd4 23. Bxd4 cxd4 24. Qb2 a5 25. Rbc1 Rc3 26. Nxc3 bxc3 27. Qa2 Bb4 28. Kg2 Kf8 29. Qc2 Rb8 30. Ra1 Qd6 31. Ra2 Qe6 32. f3 h5 33. h3 Kf7 34. Rda1 Rg8 35. Rd1 g6 1/2-1/2

[Event "GER-ch U12"]
[Site "Willingen"]
[Date "2020.10.28"]
[Round "2"]
[White "Toth, Luca"]
[Black "Uhlmann, Tim"]
[Result "1-0"]
[WhiteElo "1680"]
[BlackElo "1523"]
[PlyCount "169"]
[EventDate "2020.10.26"]
[EventType "swiss"]
[EventRounds "7"]
[EventCountry "GER"]
[SourceTitle "CBM 199 Extra"]
[Source "ChessBase"]
[SourceDate "2021.01.31"]
[SourceVersion "1"]
[SourceVersionDate "2021.01.31"]
[SourceQuality "1"]

1. e4 e5 2. Nf3 Nc6 3. Bc4 Bc5 4. c3 Nf6 5. d3 a6 6. Nbd2 Ba7 7. h3 h6 8. Nf1 d5 9. exd5 Nxd5 10. Ng3 Qd6 11. Ne4 Qe6 12. Qb3 Nce7 13. 0-0 c6 14. Re1 b5 15. Bxd5 cxd5 16. Ng3 Ng6 17. Be3 0-0 18. Bxa7 Rxa7 19. a4 Rb7 20. axb5 Rxb5 21. Qc2 Qb6 22. b4 f6 23. d4 e4 24. Nd2 f5 25. f3 f4 26. Ngf1 e3 27. Nb3 Nh4 28. Nh2 Bf5 29. Qe2 Qg6 30. Kh1 Bd3 31. Qb2 e2 32. Rg1 Qg3 33. Rae1 Nxg2 34. Rxe2 Bxe2 35. Qxe2 Qxh3 36. Rxg2 Qf5 37. Rg1 Qf7 38. Ng4 Qh5+ 39. Qh2 Qxh2+ 40. Kxh2 Kh7 41. Ra1 Rb6 42. Nc5 Rc8 43. Ne5 g5 44. Kh3 h5 45. Ra5 Rh6 46. Kg2 g4 47. fxg4 hxg4 48. Nxg4 Rg8 49. Kf3 Rh3+ 50. Kxf4 Rh4 51. Rxa6 Rhxg4+ 52. Ke5 R8g5+ 53. Kd6 Rg3 54. Ra3 Rf5 55. Kc6 Kg8 56. Ra8+ Kf7 57. Ra7+ Kg8 58. Ra3 Kf7 59. b5 Rg6+ 60. Kb7 Rff6 61. Ra6 Ke7 62. Rxf6 Rxf6 63. b6 Kd6 64. Ka7 Kc6 65. b7 Rf7 66. Ka8 Rxb7 67. Nxb7 Kb5 68. Nd6+ Kc6 69. Nf5 Kb5 70. Ne3 Kc6 71. Nxd5 Kxd5 72. Kb7 Kc4 73. Kc6 Kxc3 74. d5 Kd4 75. d6 Ke5 76. d7 Ke6 77. d8Q Kf7 78. Qd6 Kg7 79. Qe6 Kh7 80. Qf6 Kg8 81. Qe7 Kh8 82. Kd6 Kg8 83. Ke6 Kh8 84. Kf6 Kg8 85. Qg7# 1-0

[Event "Baden Wuerttemberg-chT U12"]
[Site "Burg Ortenberg"]
[Date "2018.06.24"]
[Round "5.2"]
[White "Uhlmann, Tim"]
[Black "Liang, Jiaxuan"]
[Result "1-0"]
[WhiteElo "1327"]
[BlackElo "1241"]
[PlyCount "25"]
[EventDate "2018.06.23"]
[EventType "team-tourn"]
[EventRounds "5"]
[EventCountry "GER"]
[SourceTitle "EXT 2019"]
[Source "ChessBase"]
[SourceDate "2018.10.10"]
[SourceVersion "1"]
[SourceVersionDate "2018.10.10"]
[SourceQuality "1"]
[WhiteTeam "Neureut U12"]
[BlackTeam "Hohentuebingen U12"]
[WhiteTeamCountry "GER"]
[BlackTeamCountry "GER"]

1. e4 c5 2. Nf3 a6 3. d4 cxd4 4. Nxd4 Nf6 5. Nc3 e5 6. Nf3 Bb4 7. Bd2 Bxc3 8. Bxc3 d6 9. Bc4 Nxe4 10. Qd5 Be6 11. Qxe4 d5 12. Qxe5 0-0 13. Qxg7# 1-0

[Event "Baden Wuerttemberg-chT U12"]
[Site "Burg Ortenberg"]
[Date "2018.06.23"]
[Round "1.2"]
[White "Fischer, Darja"]
[Black "Uhlmann, Tim"]
[Result "0-1"]
[WhiteElo "1384"]
[BlackElo "1327"]
[PlyCount "50"]
[EventDate "2018.06.23"]
[EventType "team-tourn"]
[EventRounds "5"]
[EventCountry "GER"]
[SourceTitle "EXT 2019"]
[Source "ChessBase"]
[SourceDate "2018.10.10"]
[SourceVersion "1"]
[SourceVersionDate "2018.10.10"]
[SourceQuality "1"]
[WhiteTeam "Karlsruhe U12"]
[BlackTeam "Neureut U12"]
[WhiteTeamCountry "GER"]
[BlackTeamCountry "GER"]

1. e4 e5 2. Nf3 Nc6 3. Nc3 Nf6 4. Bb5 Bc5 5. 0-0 0-0 6. Nxe5 Nxe5 7. d4 Bb6 8. dxe5 a6 9. exf6 axb5 10. fxg7 Kxg7 11. Nxb5 d6 12. Qh5 Kh8 13. Bd2 Ba5 14. Bc3+ Bxc3 15. Nxc3 Rg8 16. Qxf7 Bh3 17. Qf3 Bxg2 18. Qxg2 Rxg2+ 19. Kxg2 Qf6 20. f4 Rg8+ 21. Kh1 b5 22. a3 c5 23. Nxb5 Qg6 24. Rg1 Qxe4+ 25. Rg2 Qxg2# 0-1